Central Library OPAC University of Rajshahi

Planning and paying for full employment / (Record no. 45844)

MARC details
000 -LEADER
fixed length control field 01186nam a2200265 a 4500
001 - CONTROL NUMBER
control field 45844
003 - CONTROL NUMBER IDENTIFIER
rucl marc code BD-RjUL
005 - DATE AND TIME OF LATEST TRANSACTION
control field 20211209054056.0
008 - FIXED-LENGTH DATA ELEMENTS--GENERAL INFORMATION
fixed length control field 160728s1946 nju 100 0 eng
035 ## - SYSTEM CONTROL NUMBER
System control number (BD-RjUL) 45962
040 ## - CATALOGING SOURCE
Original cataloging agency DLC
Transcribing agency FNP
Modifying agency SER
-- EQO
-- BD-RjUL
Language of cataloging eng
041 ## - LANGUAGE CODE
Language code of text/sound track or separate title eng
082 ## - DEWEY DECIMAL CLASSIFICATION NUMBER
Classification number 338.973
Edition number 23
Author mark and year PLa 1946
100 ## - MAIN ENTRY--PERSONAL NAME
Personal name Abba Ptachya Lerner; Frank D Graham
9 (RLIN) 140199
245 00 - TITLE STATEMENT
Title Planning and paying for full employment /
Statement of responsibility, etc. editors, Abba P. Lerner and Frank D. Graham; contributors, Alfred Braunthal...[et al.]
260 ## - PUBLICATION, DISTRIBUTION, ETC. (IMPRINT)
Place of publication, distribution, etc. Princeton :
Name of publisher, distributor, etc. Princeton University Press,
Date of publication, distribution, etc. 1946.
300 ## - PHYSICAL DESCRIPTION
Pagination 222 p. :
Size 25 cm.
500 ## - GENERAL NOTE
General note Symposium of papers submitted by participants in a conference called in 1944 by the American Labor Conference on International Affairs, first published in its journal, International post-war problems, October 1945 and January 1946. cf. Introductory note.
650 #0 - SUBJECT ADDED ENTRY--TOPICAL TERM
Topical term or geographic name as entry element Economic policy.
9 (RLIN) 140200
Topical term or geographic name as entry element Unemployed
Geographic subdivision United States.
9 (RLIN) 139824
651 #0 - SUBJECT ADDED ENTRY--GEOGRAPHIC NAME
Geographic name United States
General subdivision Economic policy.
9 (RLIN) 140201
700 1# - ADDED ENTRY--PERSONAL NAME
Personal name Lerner, Abba Ptachya,
Dates associated with a name 1903-
Personal name Graham, Frank D.
Fuller form of name (Frank Dunstone),
Dates associated with a name 1890-1949.
942 ## - ADDED ENTRY ELEMENTS (KOHA)
Source of classification or shelving scheme Dewey Decimal Classification
Koha item type Books
Holdings
Lost status Source of classification or shelving scheme Damaged status Not for loan Collection code Permanent Location Current Location Shelving location Date acquired Source of acquisition Cost, normal purchase price Total Checkouts Full call number Date last seen Copy number Koha item type
  Dewey Decimal Classification     Non-fiction Central Library, University of Rajshahi Central Library, University of Rajshahi     N/A 0.00   338.973 PLA 1946 28/07/2016 C-2 Books